| 000 | 00996nam a2200301 i 4500 | ||
|---|---|---|---|
| 005 | 20220317000210.0 | ||
| 008 | 141031s2010 ck a gr 000 f spa d | ||
| 020 | _a9789587048308 | ||
| 040 |
_aCO-BoRNBP _bspa _cCO-BoRNBP _erda |
||
| 041 | 0 | _aspa | |
| 100 | 1 |
_aPescetti, Luis María, _d1958- _eautora |
|
| 245 | 1 | 0 |
_aLejos de Frin _cLuis María Pescetti ; ilustrado por O'Kif - MG |
| 250 | _aPrimera edición | ||
| 264 | 1 |
_aBogotá _bAlfaguara _c2010 |
|
| 300 |
_a388 páginas _bilustraciones en blanco y negro _c20 cm |
||
| 336 |
_atexto _btxt _2rdacontent |
||
| 337 |
_asin mediación _bn _2rdamedia |
||
| 338 |
_avolumen _bnc _2rdacarrier |
||
| 650 | 1 | 4 |
_aNovela argentina _ySiglo XX _2LEMB |
| 650 | 1 | 4 |
_aLiteratura argentina _ySiglo XX _2LEMB |
| 650 | 1 | 4 |
_aRelaciones familiares _vNovela _2LEMB |
| 650 | 1 | 4 |
_aVida escolar _vNovela _2LEMB |
| 650 | 1 | 4 |
_aAmistad _vNovela _2LEMB |
| 650 | 1 | 4 |
_aAmor _vNovela _2LEMB |
| 700 | 1 |
_aO'Kif-MG _eilustrador _9130839 |
|
| 942 |
_2loc _cBKLIT |
||
| 084 | _aN PES3 | ||
| 999 |
_c3377 _d3377 |
||